000 00825cab a2200241 4500
001 ABS48216
008 090401t1993 xxu||||| |||| 00| 0 eng d
035 _a(Sirsi) u65508
041 _aeng
100 _aBrett, M.
245 _aShowing the substance
260 _c1993
350 _a0
490 _aEstates Gazette
_v(9311) 20 March 1993, 36-37(2)
520 _aExamines exposure draft FRED 4 from the Accounting Standards Board which ensures that most of the devices used to obscure the extent of a property companies assets and liabilities will be outlawed and looks at why it has been needed.
650 _aACCOUNTING STANDARDS
650 _aEXPOSURE DRAFT
650 _aFRED 4
650 _aPROPERTY COMPANIES
690 _aPROPERTY-PROPERTY FINANCE AND INVESTMENT
942 _n0
948 _c04/03/1997
999 _c40848
_d40848